[Event "Tashkent (Women) 2nd"]
[Site "Tashkent"]
[Date "2024.03.11"]
[Round "8"]
[White "Vlasova, Mariya N"]
[Black "Mammadova, Gulnar Marfat Qizi"]
[Result "0-1"]
[WhiteElo "1793"]
[BlackElo "2351"]
[PlyCount "68"]
[EventDate "2024.03.06"]
[EventType "swiss"]
[EventRounds "9"]
[EventCountry "UZB"]
[SourceTitle "CB12_2024"]
[SourceDate "2023.10.01"]
[SourceVersion "1"]
[SourceVersionDate "2023.10.01"]
[SourceQuality "1"]

1. f4 d5 2. Nf3 g6 3. g3 Bg7 4. Bg2 c5 5. 0-0 Nc6 6. d3 Nf6 7. Nc3 d4 8. Ne4 Nxe4 9. dxe4 0-0 10. e3 e5 11. f5 b6 12. g4 Ba6 13. Rf2 f6 14. exd4 cxd4 15. c3 dxc3 16. Qb3+ Kh8 17. bxc3 Na5 18. Qa4 Rc8 19. Ba3 Rg8 20. fxg6 b5 21. Qc2 Nc4 22. gxh7 Kxh7 23. Bc1 Bf8 24. Kh1 b4 25. g5 Na3 26. Qa4 Bb5 27. Qxa7+ Rg7 28. g6+ Kg8 29. Qe3 Bc5 30. Nd4 exd4 31. Qh6 dxc3 32. Bh3 Bd7 33. Bxa3 Bxf2 34. Rd1 Qe8 0-1

[Event "Wch U14 Girls blitz"]
[Site "Batumi"]
[Date "2023.06.11"]
[Round "11"]
[White "Diasamidze, Lulu"]
[Black "Vlasova, Mariya N"]
[Result "0-1"]
[WhiteElo "1523"]
[BlackElo "1627"]
[PlyCount "158"]
[EventDate "2023.06.10"]
[EventType "swiss (blitz)"]
[EventRounds "11"]
[EventCountry "GEO"]
[SourceTitle "EXT 2024"]
[Source "ChessBase"]
[SourceDate "2023.10.10"]
[SourceVersion "1"]
[SourceVersionDate "2023.10.10"]
[SourceQuality "1"]
[WhiteTeam "Georgia"]
[BlackTeam "Russia"]
[WhiteTeamCountry "GEO"]
[BlackTeamCountry "RUS"]

1. e4 e6 2. d4 d5 3. Nd2 c5 4. Ngf3 Nc6 5. exd5 exd5 6. Bb5 Nf6 7. 0-0 Be7 8. dxc5 Bxc5 9. Nb3 Be7 10. h3 0-0 11. Bf4 Be6 12. Nbd4 Rc8 13. c3 a6 14. Nxc6 bxc6 15. Bxa6 Ra8 16. Bb7 Ra7 17. Bxc6 Qc8 18. Bb5 Qb7 19. a4 Ne4 20. Nd4 Bc5 21. Be3 Bd7 22. Qd3 Rfa8 23. b3 Bxd4 24. Bxd4 Bxb5 25. c4 dxc4 26. bxc4 Bc6 27. Bxa7 Qxa7 28. Qe3 Qxe3 29. fxe3 Nd2 30. Rf4 Nb3 31. Ra3 Nc5 32. a5 Kf8 33. Rd4 Ke7 34. Kh2 Na4 35. Rg4 g6 36. c5 Rxa5 37. Rb3 Nxc5 38. Rb6 Bd7 39. Rd4 Ne6 40. Rd3 Ra7 41. g4 Rc7 42. Kg3 Nc5 43. Rd4 Be6 44. Rb8 Ra7 45. Rh8 Ra3 46. Kf4 Bd7 47. Rc4 Ne6+ 48. Ke4 Bb5 49. Rb4 Bd3+ 50. Kf3 Ng5+ 51. Kf4 Nxh3+ 52. Kg3 Ng5 53. Rd4 Ne4+ 54. Kf4 Nf6 55. g5 Nh5+ 56. Kf3 Bf5 57. Rxh7 Be6 58. Rh8 Ng7 59. Kf4 Ra1 60. Rb4 Rf1+ 61. Ke4 Bd7 62. Rbb8 Ne6 63. Kd3 Nxg5 64. Rb4 Ne6 65. Rhh4 Rd1+ 66. Ke2 Rd5 67. e4 Rg5 68. Ke3 Rg3+ 69. Kf2 Rc3 70. e5 Nc5 71. Rhd4 Nd3+ 72. Ke2 Nxb4 73. Rxb4 Bg4+ 74. Kf2 Ke6 75. Rb7 Rf3+ 76. Kg2 Rc3 77. Kf2 g5 78. Kg2 Bf3+ 79. Kf2 Bxb7 0-1

[Event "Wch U14 Girls blitz"]
[Site "Batumi"]
[Date "2023.06.11"]
[Round "7"]
[White "Vlasova, Mariya N"]
[Black "Liashkevich, Lizaveta"]
[Result "1/2-1/2"]
[WhiteElo "1627"]
[BlackElo "1664"]
[PlyCount "134"]
[EventDate "2023.06.10"]
[EventType "swiss (blitz)"]
[EventRounds "11"]
[EventCountry "GEO"]
[SourceTitle "EXT 2024"]
[Source "ChessBase"]
[SourceDate "2023.10.10"]
[SourceVersion "1"]
[SourceVersionDate "2023.10.10"]
[SourceQuality "1"]
[WhiteTeam "Russia"]
[BlackTeam "FIDE"]
[WhiteTeamCountry "RUS"]

1. Nf3 d5 2. g3 Nf6 3. Bg2 e6 4. 0-0 Be7 5. d4 0-0 6. c4 c6 7. b3 b6 8. Nc3 Ba6 9. Nd2 Nbd7 10. e4 dxe4 11. Ndxe4 Rc8 12. Qe2 c5 13. dxc5 Nxc5 14. Rd1 Qe8 15. Nxc5 Bxc5 16. Bb2 Qe7 17. Ne4 Nxe4 18. Qxe4 Rcd8 19. Qg4 f6 20. Re1 e5 21. Bd5+ Kh8 22. Rad1 Bb7 23. Qf3 Bxd5 24. Rxd5 Rxd5 25. cxd5 Qd6 26. Qe4 Rd8 27. Rd1 a6 28. Kg2 b5 29. f4 exf4 30. gxf4 Qd7 31. f5 Bd6 32. Qe6 Qc7 33. Rc1 Qb8 34. h4 Bh2 35. Qe4 Qg3+ 36. Kh1 Qb8 37. Ba3 Bf4 38. Rf1 Be5 39. Bc5 Qb7 40. Rd1 Kg8 41. Kg1 h6 42. Qf3 Qc7 43. b4 a5 44. Qe3 axb4 45. Bb6 Qc2 46. Rd2 Qc1+ 47. Kg2 Rd7 48. Bc5 Qc4 49. d6 Qg4+ 50. Kf1 Qxf5+ 51. Kg1 Qg4+ 52. Kf1 Qf4+ 53. Qxf4 Bxf4 54. Rd5 Bg3 55. h5 Kf7 56. Bxb4 Ke6 57. Rxb5 Bxd6 58. Rb6 Kd5 59. Bxd6 Rxd6 60. Rb7 Kc4 61. Rxg7 Rd5 62. Rg6 Rxh5 63. Rxf6 Kb4 64. Kg2 Ka3 65. Ra6+ Kb4 66. a4 Ra5 67. Rxh6 Kxa4 1/2-1/2

[Event "Wch U14 Girls blitz"]
[Site "Batumi"]
[Date "2023.06.10"]
[Round "5"]
[White "Imomkuzieva, Nilufarkhon"]
[Black "Vlasova, Mariya N"]
[Result "1-0"]
[WhiteElo "1414"]
[BlackElo "1627"]
[PlyCount "95"]
[EventDate "2023.06.10"]
[EventType "swiss (blitz)"]
[EventRounds "11"]
[EventCountry "GEO"]
[SourceTitle "EXT 2024"]
[Source "ChessBase"]
[SourceDate "2023.10.10"]
[SourceVersion "1"]
[SourceVersionDate "2023.10.10"]
[SourceQuality "1"]
[WhiteTeam "Uzbekistan"]
[BlackTeam "Russia"]
[WhiteTeamCountry "UZB"]
[BlackTeamCountry "RUS"]

1. e4 Nf6 2. e5 Nd5 3. d4 d6 4. c4 Nb6 5. f4 dxe5 6. fxe5 e6 7. Nc3 Nc6 8. Be3 Be7 9. Nf3 0-0 10. Be2 f6 11. exf6 Bxf6 12. 0-0 Qe7 13. Qc2 e5 14. d5 Nd8 15. Ne4 Nf7 16. Bd3 g6 17. Bc5 Nd6 18. Ba3 Nd7 19. c5 Nxe4 20. Bxe4 c6 21. dxc6 bxc6 22. Bxc6 Ba6 23. Bd5+ Kg7 24. c6 Qd8 25. cxd7 Bxf1 26. Rxf1 Qxd7 27. Bxa8 Rxa8 28. Rd1 Qb7 29. Qb3 Qc7 30. Bd6 Qc6 31. Bxe5 Bxe5 32. Nxe5 Qc5+ 33. Kh1 Rf8 34. Nf3 g5 35. Qc3+ Qxc3 36. bxc3 g4 37. Ne5 h5 38. Kg1 Rf5 39. Nd7 Ra5 40. Rd2 Rb5 41. g3 Rf5 42. c4 Kf7 43. c5 Ke7 44. c6 Kd8 45. Kg2 Kc7 46. Rc2 Rd5 47. Nf6 Rf5 48. Ne8+ 1-0

[Event "Wch U14 Girls rapid"]
[Site "Batumi"]
[Date "2023.06.07"]
[Round "5"]
[White "Mgeladze, Kesaria"]
[Black "Vlasova, Mariya N"]
[Result "1/2-1/2"]
[WhiteElo "1682"]
[BlackElo "1761"]
[PlyCount "163"]
[EventDate "2023.06.06"]
[EventType "swiss (rapid)"]
[EventRounds "11"]
[EventCountry "GEO"]
[SourceTitle "EXT 2024"]
[Source "ChessBase"]
[SourceDate "2023.10.10"]
[SourceVersion "1"]
[SourceVersionDate "2023.10.10"]
[SourceQuality "1"]
[WhiteTeam "Georgia"]
[BlackTeam "FIDE"]
[WhiteTeamCountry "GEO"]

1. d4 Nf6 2. Nc3 d5 3. Bf4 e6 4. e3 Bb4 5. Nge2 c5 6. a3 Bxc3+ 7. Nxc3 cxd4 8. exd4 a6 9. Qf3 Nc6 10. 0-0-0 b5 11. g4 Nd7 12. Nxd5 exd5 13. Qxd5 Bb7 14. Bd6 Qf6 15. Re1+ Kd8 16. Be5 Qh6+ 17. Kb1 Na5 18. Qxf7 Rf8 19. Qa2 Bxh1 20. g5 Qc6 21. Bxg7 Rxf2 22. Qg8+ Kc7 23. Qxh7 Bd5 24. Be5+ Kb6 25. Bg3 Rh8 26. Qd3 Bc4 27. Bxf2 Rxh2 28. d5+ Rxf2 29. dxc6 Bxd3 30. cxd7 Bxc2+ 31. Ka2 Bb3+ 32. Ka1 Rd2 33. Bh3 Nc4 34. g6 Nxb2 35. d8Q+ Rxd8 36. Kxb2 Bc4 37. Bf5 Kc5 38. Kc3 Rf8 39. Be4 Rf4 40. Re3 Rg4 41. Bf5 Rg5 42. Be4 a5 43. Rf3 b4+ 44. axb4+ axb4+ 45. Kb2 Rg2+ 46. Kb1 Kd4 47. Rf4 Rg1+ 48. Kb2 Ke3 49. Rh4 Be6 50. Bc2 Bg4 51. g7 Bf3 52. Rxb4 Rxg7 53. Rb3+ Kf4 54. Kc1 Rd7 55. Bd3 Bd5 56. Rc3 Rg7 57. Kd2 Rg2+ 58. Be2 Rg7 59. Rd3 Be4 60. Rd4 Ke5 61. Ra4 Rg3 62. Ra5+ Kf4 63. Rh5 Bg6 64. Rh4+ Ke5 65. Ra4 Rb3 66. Ra5+ Kd4 67. Ra4+ Ke5 68. Bc4 Rg3 69. Be2 Kd5 70. Rf4 Ke5 71. Rf8 Kd4 72. Rd8+ Ke5 73. Ra8 Be4 74. Ra5+ Kf4 75. Rh5 Bg6 76. Rh4+ Ke5 77. Ra4 Kd5 78. Ra6 Ke5 79. Ra5+ Kd4 80. Ra4+ Ke5 81. Rg4 Rxg4 82. Bxg4 1/2-1/2

[Event "Wch U14 Girls rapid"]
[Site "Batumi"]
[Date "2023.06.07"]
[Round "6"]
[White "Nurgaliyeva, Zarina"]
[Black "Vlasova, Mariya N"]
[Result "1-0"]
[WhiteElo "1833"]
[BlackElo "1761"]
[PlyCount "98"]
[EventDate "2023.06.06"]
[EventType "swiss (rapid)"]
[EventRounds "11"]
[EventCountry "GEO"]
[SourceTitle "EXT 2024"]
[Source "ChessBase"]
[SourceDate "2023.10.10"]
[SourceVersion "1"]
[SourceVersionDate "2023.10.10"]
[SourceQuality "1"]
[WhiteTeam "Kazakhstan"]
[BlackTeam "FIDE"]
[WhiteTeamCountry "KAZ"]

1. e4 Nf6 2. e5 Nd5 3. d4 d6 4. c4 Nb6 5. exd6 exd6 6. Nc3 Be7 7. Bd3 0-0 8. Nge2 Bg4 9. 0-0 Nc6 10. d5 Ne5 11. b3 Nxd3 12. Qxd3 Bf6 13. Rb1 Nd7 14. h3 Ne5 15. Qc2 Bd7 16. Ng3 Bh4 17. Nce2 f5 18. Nh5 Qe8 19. Nhf4 g5 20. Ne6 Bxe6 21. dxe6 f4 22. Nd4 c5 23. Nb5 Qe7 24. f3 a6 25. Nc3 Qxe6 26. Nd5 Rf7 27. Bb2 Raf8 28. Qe4 h5 29. Bc3 b5 30. Rb2 Bg3 31. Re2 Rf5 32. Nc7 Qf7 33. Nd5 b4 34. Bb2 Re8 35. Qc2 Rf8 36. Qxf5 Qxf5 37. Ne7+ Kh7 38. Nxf5 Rxf5 39. Bxe5 dxe5 40. Rd1 g4 41. Rd5 gxf3 42. gxf3 Rg5 43. Rdxe5 Bh4+ 44. Rxg5 Bxg5 45. Re5 Bf6 46. Rd5 Bd4+ 47. Kg2 a5 48. h4 Be3 49. Kh3 Bd4 1-0

[Event "Wch U14 Girls rapid"]
[Site "Batumi"]
[Date "2023.06.06"]
[Round "3"]
[White "Imomkuzieva, Nilufarkhon"]
[Black "Vlasova, Mariya N"]
[Result "1-0"]
[WhiteElo "1530"]
[BlackElo "1761"]
[PlyCount "167"]
[EventDate "2023.06.06"]
[EventType "swiss (rapid)"]
[EventRounds "11"]
[EventCountry "GEO"]
[SourceTitle "EXT 2024"]
[Source "ChessBase"]
[SourceDate "2023.10.10"]
[SourceVersion "1"]
[SourceVersionDate "2023.10.10"]
[SourceQuality "1"]
[WhiteTeam "Uzbekistan"]
[BlackTeam "FIDE"]
[WhiteTeamCountry "UZB"]

1. e4 e6 2. d4 d5 3. Nc3 Bb4 4. e5 c5 5. a3 Bxc3+ 6. bxc3 Qc7 7. Qg4 Ne7 8. Bd3 cxd4 9. Ne2 Nbc6 10. cxd4 Bd7 11. Qxg7 Rg8 12. Qf6 Nxd4 13. Bxh7 Nxe2 14. Kxe2 Bb5+ 15. Kd1 Qc4 16. Bd2 Rc8 17. Bd3 Qg4+ 18. f3 Qa4 19. Qf4 Rxg2 20. Rb1 Bd7 21. Qxa4 Bxa4 22. Rxb7 Nc6 23. Rb4 Nxb4 24. axb4 Ke7 25. h4 Rh8 26. h5 Be8 27. h6 f5 28. exf6+ Kxf6 29. f4 d4 30. c3 Bc6 31. Rh3 Rg1+ 32. Kc2 Rh1 33. Rxh1 Bxh1 34. cxd4 Rxh6 35. f5 Rh4 36. fxe6 Kxe6 37. Bc3 Bd5 38. Bb5 Rh2+ 39. Kd3 Kf5 40. Bd7+ Kf4 41. Bd2+ Kf3 42. Bf5 Rh5 43. Bg6 Rh8 44. Bf5 Rg8 45. Bc3 Kf2 46. Bd2 Rg3+ 47. Kc2 Ke2 48. Bc3 Bc4 49. Be4 Ke3 50. Bb7 Rh3 51. d5 Rh2+ 52. Kc1 Kd3 53. Be5 Rc2+ 54. Kb1 Re2 55. d6 Ke3 56. d7 Rd2 57. Bc6 Bd3+ 58. Ka1 Bf5 59. Bf6 Rd1+ 60. Kb2 Bxd7 61. Bg5+ Ke2 62. Bxd7 Rxd7 63. Kc3 Rc7+ 64. Kd4 Kf3 65. Bf6 Kg4 66. Be5 Rc2 67. Bd6 Kf5 68. Bc5 a6 69. Kd5 Kf4 70. Kc6 Ke4 71. Kb6 Ra2 72. Bd6 Kd5 73. Bc5 Kc4 74. Be7 Re2 75. Bc5 Re6+ 76. Ka5 Kd5 77. Bb6 Kc4 78. Bc5 Rc6 79. Bb6 Kb3 80. Bc5 Rh6 81. Bf8 Kc4 82. Bxh6 Kb3 83. Bd2 Kc4 84. Kxa6 1-0

[Event "Barnaul Kura Memorial"]
[Site "Barnaul"]
[Date "2023.02.26"]
[Round "9"]
[White "Vlasova, Mariya N"]
[Black "Zharkov, Nikolay"]
[Result "0-1"]
[WhiteElo "1511"]
[BlackElo "2246"]
[PlyCount "112"]
[EventDate "2023.02.25"]
[EventType "swiss (rapid)"]
[EventRounds "11"]
[EventCountry "RUS"]
[SourceTitle "CBM 213 Extra"]
[Source "ChessBase"]
[SourceDate "2023.05.31"]
[SourceVersion "1"]
[SourceVersionDate "2023.05.31"]
[SourceQuality "1"]

1. Nf3 g6 2. g3 Bg7 3. Bg2 Nf6 4. 0-0 0-0 5. d3 d5 6. Nc3 c5 7. e4 d4 8. Ne2 Nc6 9. h3 e5 10. Nd2 Ne8 11. f4 Nd6 12. Nf3 f5 13. Nxe5 Nxe5 14. fxe5 Bxe5 15. Bf4 Qe7 16. Re1 fxe4 17. dxe4 Nf7 18. c3 Rd8 19. Bxe5 Qxe5 20. Qb3 Be6 21. cxd4 cxd4 22. Qxb7 Rab8 23. Qxa7 Rxb2 24. Rad1 Rxa2 25. Qb6 d3 26. Nf4 d2 27. Rf1 Bc4 28. Nxg6 hxg6 29. Rxf7 Qd4+ 30. Qxd4 Rxd4 31. Rff1 Bxf1 32. Kxf1 Kg7 33. Ke2 Kf6 34. Ke3 Ke5 35. g4 g5 36. Bf3 Ra3+ 37. Ke2 Rad3 38. Kf2 Kf4 39. Bg2 Re3 40. Bf1 Rexe4 41. Bg2 Re3 42. Bf1 Rf3+ 43. Ke2 Re4+ 44. Kxd2 Rd4+ 45. Ke2 Rxd1 46. Kxd1 Rxf1+ 47. Ke2 Rh1 48. Kf2 Rxh3 49. Kg2 Rb3 50. Kf2 Kxg4 51. Kg2 Kf4 52. Kg1 g4 53. Kg2 Rb8 54. Kg1 Kf3 55. Kh1 g3 56. Kg1 Rb1# 0-1

[Event "Barnaul Kura Memorial"]
[Site "Barnaul"]
[Date "2023.02.25"]
[Round "1"]
[White "Vlasova, Mariya N"]
[Black "Lysyj, Igor"]
[Result "0-1"]
[WhiteElo "1511"]
[BlackElo "2597"]
[PlyCount "86"]
[EventDate "2023.02.25"]
[EventType "swiss (rapid)"]
[EventRounds "11"]
[EventCountry "RUS"]
[SourceTitle "CBM 213 Extra"]
[Source "ChessBase"]
[SourceDate "2023.05.31"]
[SourceVersion "1"]
[SourceVersionDate "2023.05.31"]
[SourceQuality "1"]

1. Nf3 Nf6 2. g3 b6 3. Bg2 Bb7 4. 0-0 c5 5. d3 g6 6. e4 Bg7 7. Nc3 0-0 8. Ne2 Nc6 9. Nd2 d5 10. f4 dxe4 11. dxe4 Ng4 12. Nf3 Qxd1 13. Rxd1 Rad8 14. Bd2 Bxb2 15. Rab1 Bg7 16. h3 Nf6 17. e5 Ne4 18. Be3 Ba6 19. Rxd8 Rxd8 20. Bf1 Nb4 21. Ned4 Bxf1 22. Kxf1 Nd5 23. Nc6 Nxe3+ 24. Ke2 Nd5 25. Nxd8 Nec3+ 26. Kd3 Nxb1 27. Kc4 Nc7 28. Nc6 Na3+ 29. Kb3 Nab5 30. c3 Ne6 31. Nxe7+ Kf8 32. Nc6 a6 33. Nd2 f6 34. Nc4 fxe5 35. fxe5 Ke8 36. Nxb6 Nd8 37. Nxd8 Kxd8 38. Nc4 Kd7 39. a4 Nc7 40. Nb6+ Kc6 41. a5 Bxe5 42. g4 Nd5 43. Na4 Nxc3 0-1

[Event "Barnaul Kura Memorial"]
[Site "Barnaul"]
[Date "2023.02.25"]
[Round "3"]
[White "Vlasova, Mariya N"]
[Black "Mescheryakov, Artem"]
[Result "0-1"]
[WhiteElo "1511"]
[BlackElo "1813"]
[PlyCount "176"]
[EventDate "2023.02.25"]
[EventType "swiss (rapid)"]
[EventRounds "11"]
[EventCountry "RUS"]
[SourceTitle "CBM 213 Extra"]
[Source "ChessBase"]
[SourceDate "2023.05.31"]
[SourceVersion "1"]
[SourceVersionDate "2023.05.31"]
[SourceQuality "1"]

1. Nf3 d5 2. g3 Nf6 3. Bg2 g6 4. 0-0 Bg7 5. d3 0-0 6. Nc3 d4 7. Ne4 Nxe4 8. dxe4 c5 9. Nd2 Nc6 10. f4 e5 11. f5 Re8 12. g4 Bd7 13. Nf3 b5 14. Bg5 f6 15. Bd2 g5 16. h4 h6 17. hxg5 hxg5 18. Kh2 Kf7 19. Kg3 Rh8 20. Rh1 Qe7 21. Qe1 Rxh1 22. Bxh1 Rh8 23. Qf2 Nd8 24. Bg2 Nb7 25. Rf1 Nd6 26. Nxg5+ fxg5 27. f6 Bxf6 28. Bxg5 Ne8 29. Bxf6 Nxf6 30. g5 Rg8 31. Qxf6+ Qxf6 32. Rxf6+ Ke7 33. Ra6 Rxg5+ 34. Kf2 Rg8 35. Rxa7 Kd6 36. Bf3 Rf8 37. b3 Bc6 38. Ke1 Rf4 39. Ra6 Kc7 40. Ra7+ Bb7 41. a4 Kb6 42. Rxb7+ Kxb7 43. axb5 Kb6 44. Kd2 Kxb5 45. Kd3 Kb4 46. Bh5 Rh4 47. Bf7 Rh1 48. Kd2 Rh3 49. Bc4 Ka3 50. Bd5 Re3 51. Bc4 Rxe4 52. Bd3 Rh4 53. Bc4 Kb2 54. Bd5 Rh3 55. Be6 Rh1 56. Bf5 Rf1 57. Be4 Rf4 58. Bg6 e4 59. Bh7 Ka3 60. Bg6 Kb4 61. Bh7 e3+ 62. Kd3 Rf1 63. Bg6 Rd1+ 64. Ke4 Rd2 65. Kf3 Kc3 66. Bd3 Rxc2 67. Ke4 Kxb3 68. Kd5 Rc3 69. Bb5 d3 70. Bxd3 Rxd3+ 71. exd3 e2 72. Kxc5 e1Q 73. d4 Qe8 74. d5 Qd7 75. d6 Kc3 76. Kd5 Kb4 77. Ke5 Kc5 78. Ke4 Qxd6 79. Ke3 Qd1 80. Ke4 Qd4+ 81. Kf5 Kd6 82. Kg5 Ke6 83. Kg6 Qf6+ 84. Kh5 Qg7 85. Kh4 Qg2 86. Kh5 Kf6 87. Kh4 Kf5 88. Kh5 Qg5# 0-1

[Event "Wch U12 Girls"]
[Site "Batumi"]
[Date "2022.09.27"]
[Round "11"]
[White "Aadya, Gupta"]
[Black "Vlasova, Mariya N"]
[Result "0-1"]
[WhiteElo "1230"]
[BlackElo "1456"]
[PlyCount "112"]
[EventDate "2022.09.16"]
[EventType "swiss"]
[EventRounds "11"]
[EventCountry "GEO"]
[SourceTitle "EXT 2023"]
[Source "ChessBase"]
[SourceDate "2022.10.05"]
[SourceVersion "1"]
[SourceVersionDate "2022.10.05"]
[SourceQuality "1"]

1. d4 Nf6 2. c4 g6 3. Nc3 Bg7 4. e4 d6 5. f3 0-0 6. Be3 Nbd7 7. Qd2 e5 8. d5 Ne8 9. 0-0-0 f5 10. g4 f4 11. Bf2 c6 12. h4 a5 13. g5 Nb6 14. c5 cxd5 15. cxb6 d4 16. Nd5 Be6 17. Bh3 Bxd5 18. exd5 Qxb6 19. Be6+ Kh8 20. h5 Nc7 21. h6 Nxe6 22. dxe6 Rfc8+ 23. Kb1 Bf8 24. Ne2 Qd8 25. Nxd4 Kg8 26. Rhg1 Be7 27. Nb5 Qf8 28. Qd3 Rc6 29. Ka1 a4 30. a3 Ra5 31. Be1 Raa6 32. Bf2 Ra5 33. Nc3 Qc8 34. Nd5 Qxe6 35. Nb4 Rc4 36. Bb6 e4 37. fxe4 Rxg5 38. Rxg5 Bxg5 39. Re1 Bxh6 40. Nd5 Rc6 41. Qd4 Bg7 42. Qxa4 Rc8 43. Bd4 b5 44. Qa7 Bxd4 45. Qxd4 Rf8 46. Qa7 f3 47. Rh1 Rf7 48. Qe3 f2 49. Rf1 Qg4 50. Qc1 h5 51. Ka2 Qxe4 52. Qc8+ Kh7 53. Qc6 Qd3 54. Rc1 f1Q 55. Rxf1 Qxf1 56. Ne3 Qd3 0-1